Представление документа в формате RUSMARC

ПолеНазваниеЗначение
  Тип записи a
  Библиографический уровень m
001 Контрольный номер UONB/MAIN/fd2a43b2d7fd4e6c8f9896bb79de0d96
005 Дата корректировки 20260428163415.1
100 Данные общей обработки __
a Данные общей обработки 20260428d1906 u u0rusy0189 ca
101 Язык документа 1_
a Язык текста rus
c Язык оригинала ger
102 Страна публикации __
a Страна публикации RU
105 Кодированные данные (монография) __
a Кодированные данные (монография) y z 000yy
200 Заглавие и сведения об ответственности 1_
a Заглавие Единственный и его достояние
f Первые сведения об ответственности Макс Штирнер (Каспар Шмидт)
g Последующие сведения об ответственности с биографией, написанной д-ром М. Кроненбергом, портретом и факсимиле автора
g Последующие сведения об ответственности перевод с немецкого В. Ульриха
203 Вид содержания и тип средства __
a Вид содержания Текст
b Характеристика содержания визуальный
c Тип средства непосредственный
210 Выходные данные 1_
a Место издания Лейпциг
a Место издания Санкт-Петербург
c Издательство Мысль
c Издательство А. Миллер
d Дата издания 1906
215 Физическое описание __
a Объем Х, 244, [1] с.
d Формат 25 см
c Иллюстрации/тип воспроизводства ил., портр., факс.
606 Тематические рубрики 0_
a Основная рубрика Немецкая философия
z Хронологическая подрубрика 19 в.
610 Ключевые слова 0_
a Ключевые слова философия немецкая 19 в.; немецкая философия 19 в.; немецкие философы
686 Индексы других классификаций __
a Классификационный индекс 87.3(4Г)5
2 Код системы rubbk
700 Автор _1
a Фамилия Штирнер
b Имя (инициалы) М.
g Полное личное имя Макс
c Титул (звания) псевдоним
f Даты 1806-1856
702 Вторичная интеллектуальная ответственность _1
a Фамилия Кроненберг
b Имя (инициалы) М.
4 Код отношения 080
702 Вторичная интеллектуальная ответственность _1
a Фамилия Ульрих
b Имя (инициалы) В. Д.
g Полное личное имя Василий Данилович
4 Код отношения 730
790 Имя лица - альтернативная форма _1
a Имя лица - альтернативная форма Шмидт
b Имя (инициалы) И. К.
g Полное личное имя Иоганн Каспар
f Даты 1806-1856
801 Источник записи _0
a Страна RU
b Организация Ульяновская ОНБ
c Дата составления 20260428
g Правила каталогизации RCR
801 Источник записи _1
a Страна RU
b Организация Ульяновская ОНБ
c Дата составления 20260428
g Правила каталогизации RCR
901 Тип документа __
t Тип документа m
909 Создатель записи __
a Создатель записи Горбункова
b Дата создания записи 20260428